Mapa Topológico dos Distritos de Portugal - Statistics

Estatísticas Gerais
  • Esse quiz foi jogado 136 vezes
  • A pontuação média é 12 de 18
Respostas no mapa
Respostas codificadas por cores de uma escala verde-vermelha no mapa do quiz de acordo com a % correta abaixo.
 
Estatísticas das Respostas
Resposta % Correto
Faro
82%
Lisboa
78%
Porto
74%
Beja
71%
Bragança
70%
Leiria
70%
Braga
68%
Coimbra
68%
Setúbal
68%
Viana do Castelo
68%
Évora
66%
Santarém
66%
Aveiro
64%
Viseu
64%
Portalegre
63%
Castelo Branco
60%
Vila Real
60%
Guarda
59%
Nenhum quiz correspondente encontrado
Distribuição das Pontuações
Porcentagem de Pessoas com Cada Pontuação
Percentil de Números Respondidos
Sua Pontuação Histórica
Você não jogou esse quiz